| 000 | 01195nam a2200313Ia 4500 | ||
|---|---|---|---|
| 001 | ebr10271821 | ||
| 003 | CaPaEBR | ||
| 006 | m u | ||
| 007 | cr cn||||||||| | ||
| 008 | 080616s2009 nyua s 001 0 eng d | ||
| 010 | _z 2008026399 | ||
| 020 | _z0814409873 | ||
| 020 | _z9780814409879 | ||
| 040 |
_aCaPaEBR _cCaPaEBR |
||
| 035 | _a(OCoLC)301678258 | ||
| 050 | 1 | 4 |
_aHG6024.A3 _bT478 2009eb |
| 100 | 1 | _aThomsett, Michael C. | |
| 245 | 1 | 0 |
_aWinning with futures _h[electronic resource] : _bthe smart way to recognize opportunities, calculate risk, and maximize profits / _cMichael C. Thomsett. |
| 260 |
_aNew York : _bAmerican Management Association, _cc2009. |
||
| 300 |
_ax, 244 p. : _bill. |
||
| 500 | _aIncludes index. | ||
| 533 |
_aElectronic reproduction. _bPalo Alto, Calif. : _cebrary, _d2009. _nAvailable via World Wide Web. _nAccess may be limited to ebrary affiliated libraries. |
||
| 650 | 0 | _aFutures market. | |
| 650 | 0 | _aFutures. | |
| 650 | 0 | _aInvestments. | |
| 655 | 7 |
_aElectronic books. _2local |
|
| 710 | 2 | _aebrary, Inc. | |
| 856 | 4 | 0 |
_uhttp://site.ebrary.com/lib/rucke/Doc?id=10271821 _zAn electronic book accessible through the World Wide Web; click to view |
| 999 |
_c8558 _d8558 |
||